000 00444nab a2200145Ia 4500
003 ES-SlBCS
005 20210601125252.0
008 140529s1987 xxu||||| |||| 00| 0 eng d
041 _aeng
100 1 _aDepaul, Michael R.
_9132746
245 0 0 _aNaivete and Corruption in Moral Inquiry
_c Michael R. Depaul
650 0 4 _aMoral
_992789
773 0 _tPhilosophy and Phenomenological Research
_gvol. 48, 1987, págs. 619-636
_wRev1411
942 _cAR
999 _c527551
_d527551